LEADER 00735nam 2200253 450 001 9910412760003321 005 20200826104608.0 010 $a978884966113 100 $a20200826d2020----u y0engy50 ba 101 0 $aita 102 $aIT 105 0 $a 00 200 1 $aAddio rivoluzione$erequiem per gli anni Sessanta$fMaurice Bignami 210 $aSoveria Mannelli$cRubbettino$d2020 215 $a405 p.$d23 cm 225 $aStorie 610 0 $aMovimenti politici$aEstrema sinistra$aItalia e Francia$a1950 - 1990 676 $a322.42$v22$zita 700 1$aBignami,$bMaurice$0787561 912 $a9910412760003321 952 $a322.42 BIG 1$b7215$fbfs 959 $aBFS 996 $aAddio rivoluzione$91755038 997 $aUNINA LEADER 02152nas 2200697-a 450 001 996216122303316 005 20230215213018.0 011 $a1608-3229 035 $a(OCoLC)48635623 035 $a(CKB)110974993863522 035 $a(CONSER)--2019204568 035 $a(MiAaPQ)105343 035 $a(DE-599)ZDB2058091-5 035 $a(EXLCZ)99110974993863522 100 $a20011218a19669999 s-- a 101 0 $aeng 135 $aurmnu|||||||| 181 $ctxt$2rdacontent 182 $cc$2rdamedia 183 $acr$2rdacarrier 200 00$aLithology and mineral resources 210 $a[New York, N.Y.] $cKluwer Academic-Plenum-Human Sciences Press 210 2 $a[Moscow] $cMAIK Nauka/Interperiodica ;$aHeidelberg $cSpringer-Verlag [distributor] 210 31$aNew York, NY :$cPleiades Publishing, Inc 210 2$aJersey City, NJ :$cSpringer Nature 300 $aRefereed/Peer-reviewed 311 $a0024-4902 531 $aLITHOLOGY & MINERAL RESOURCES 531 $aLITHOL. MIN. RESOUR 531 $aLITHOL MINER RESOUR+ 531 $aLITHOL. MINER. RESOUR 531 1 $aLithol. miner. resour. 606 $aPetrology$vPeriodicals 606 $aMines and mineral resources$vPeriodicals 606 $aPétrologie$vPériodiques 606 $aRessources minérales$vPériodiques 606 $aMines$vPériodiques 606 $aMines and mineral resources$2fast$3(OCoLC)fst01022541 606 $aPetrology$2fast$3(OCoLC)fst01059885 608 $aPeriodicals.$2fast 610 00$agesteenten 610 00$arocks 610 00$amineralen 610 00$aminerals 610 00$amineralogie 610 00$amineralogy 610 10$aPetrography and Mineralogy 610 10$aPetrografie, mineralogie 615 0$aPetrology 615 0$aMines and mineral resources 615 6$aPétrologie 615 6$aRessources minérales 615 6$aMines 615 7$aMines and mineral resources. 615 7$aPetrology. 676 $a622.2 686 $aNX 040$2blsrissc 906 $aJOURNAL 912 $a996216122303316 996 $aLithology and mineral resources$92022514 997 $aUNISA